In darkness visible /

"In 2005, Marin Katich, living in Croatia under an alias, is being watched. Before the year is out, he has been assaulted, arrested, charged with serious war crimes and locked up in Scheveningen Prison in The Hague, waiting for his case to come before the International War Crimes Tribunal for t...

Full description

Bibliographic Details
Main Author: Jones, Tony (Anthony William) (Author)
Format: Book
Language:English
Published: Sydney : Allen & Unwin, 2019.
Subjects:

MARC

Tag First Indicator Second Indicator Subfields
LEADER 00000cam a2200000Mi 4500
001 in00004124849
008 190719s2019 xna 000 1 eng d
005 20250318222049.2
020 |a 9781760295011 
020 |a 1760295019  |q (paperback) 
035 |a (OCoLC)on1109406910 
035 |a (OCoLC)1109406910 
040 |a YDX  |b eng  |e rda  |c YDX  |d ATWFP  |d NZAUC  |d OCLCF  |d OCLCQ  |d NZLPP  |d YDX  |d UtOrBLW 
043 |a e-ci---  |a u-at-ne 
082 0 4 |a A823.4  |2 23 
100 1 |a Jones, Tony  |q (Anthony William),  |e author.  |0 http://id.loc.gov/authorities/names/nb2008023947 
245 1 0 |a In darkness visible /  |c Tony Jones. 
264 1 |a Sydney :  |b Allen & Unwin,  |c 2019. 
300 |a 467 pages ;  |c 24 cm 
336 |a text  |b txt  |2 rdacontent 
337 |a unmediated  |b n  |2 rdamedia 
338 |a volume  |b nc  |2 rdacarrier 
520 |a "In 2005, Marin Katich, living in Croatia under an alias, is being watched. Before the year is out, he has been assaulted, arrested, charged with serious war crimes and locked up in Scheveningen Prison in The Hague, waiting for his case to come before the International War Crimes Tribunal for the former Yugoslavia. In Sydney, Anna Rosen, a freelance journalist, is emailed photos of a man she knows to be dead - gunned down in a brutal ambush in Bosnia over a decade ago. A man she'd once loved but who had betrayed her. Is it possible that the photos really are of Marin Katich? And if so, what the hell had happened in 1992? From Croatia to The Hague to Bosnia and Herzegovina to Sydney, Anna and Marin's intertwined history fuels her determination to tear apart, piece by piece, his secrets, while continuing to keep her own.In a dangerous pursuit of justice and revenge, navigating the murky world of national and international secret agencies and those who would still be warlords, Anna fights for what she believes in and for those she loves."--Publisher. 
650 0 |a Women journalists  |v Fiction.  |0 http://id.loc.gov/authorities/subjects/sh2008113425 
650 0 |a Undercover operations  |v Fiction.  |0 http://id.loc.gov/authorities/subjects/sh2008113076 
650 0 |a Betrayal  |v Fiction.  |0 http://id.loc.gov/authorities/subjects/sh2007101961 
650 0 |a Secrecy  |v Fiction.  |0 http://id.loc.gov/authorities/subjects/sh2008111365 
650 0 |a Man-woman relationships  |v Fiction.  |0 http://id.loc.gov/authorities/subjects/sh2008107175 
651 0 |a Croatia  |v Fiction. 
651 0 |a Sydney (N.S.W.)  |v Fiction.  |0 http://id.loc.gov/authorities/subjects/sh2008111545 
650 7 |a Betrayal.  |2 fast  |0 (OCoLC)fst00830942 
650 7 |a Man-woman relationships.  |2 fast  |0 (OCoLC)fst01007080 
650 7 |a Secrecy.  |2 fast  |0 (OCoLC)fst01110644 
650 7 |a Undercover operations.  |2 fast  |0 (OCoLC)fst01160879 
650 7 |a Women journalists.  |2 fast  |0 (OCoLC)fst01178072 
651 7 |a Croatia.  |2 fast  |0 (OCoLC)fst01212674 
651 7 |a New South Wales  |z Sydney.  |2 fast  |0 (OCoLC)fst01204574 
655 7 |a Action and adventure fiction.  |2 fast  |0 (OCoLC)fst01921574 
655 7 |a Fiction.  |2 fast  |0 (OCoLC)fst01423787 
655 7 |a Political fiction.  |2 fast  |0 (OCoLC)fst01726702 
655 7 |a Thrillers (Fiction)  |2 fast  |0 (OCoLC)fst01726755 
655 7 |a Action and adventure fiction.  |2 lcgft  |0 http://id.loc.gov/authorities/genreForms/gf2014026217 
655 7 |a Political fiction.  |2 lcgft  |0 http://id.loc.gov/authorities/genreForms/gf2014026482 
655 7 |a Thrillers (Fiction)  |2 lcgft  |0 http://id.loc.gov/authorities/genreForms/gf2014026571 
852 8 |b pda,print  |z This title is available for the library to purchase for your use. Click the "Purchase It For Me" button to place a request. This item may take 5-10 business days to arrive. 
955 |a Print PDA title 
961 |m 565730 
999 f f |s 7618ecb7-6fe0-4735-a5b0-e1484770cf21  |i 66dee267-857d-3535-843d-e29d5c52b47b  |t 0 
952 f f |a Texas A&M University  |b College Station  |c Sterling C. Evans Library  |d Purchase on Demand  |t 0  |h Library of Congress classification 
998 f f |t 0  |l Purchase on Demand